000 00355pam a2200157a 44500
008 230515b1967 xxu||||| |||| 00| 0 eng d
020 _aNULL
041 _aENGLISH
082 _aN.D.
100 _aNULL
245 _aIndian Std. Assessment Of Surface Poughness
250 _a0
260 _aNULL
_bIndian Std.
_c1967
300 _a32
650 _aNULL
999 _c574395
_d574395